Time Zones of the United States - Statistics

General Stats
  • This quiz has been taken 12 times
  • The average score is 5 of 6
Answer Stats
Time Zone % Correct
East most Eastern
100%
Central
92%
Mountain
92%
Pacific
92%
Alaska
83%
West most Hawaii/Aleutian
75%
No matching quizzes found
Score Distribution
Percent of People with Each Score
Percentile by Number Answered
Your Score History
You have not taken this quiz